000 00948nas a22002297a 4500
999 _c121085
_d121085
001 K121085
007 ta
008 190812b2019 ||||| |||| 00| 0 eng d
041 _aeng
100 _aMcCormack, Rob
245 _aUnfit for retrofit
490 _aRICS Property Journal
_vJuly/August 2019, 32-33(2)
520 _aHighlights the problems that incorrectly installed cavity wall insulation and external wall insulation have on the fabric of properties and looks at remedies available to rectify the issues. Suggests that prior to new work accurate property suitability assessments are undertaken with regular inspections and servicing.
650 _aCAVITY WALL
650 _aEXTERNAL WALL
650 _aINSULATION
650 _aBUILDING PATHOLOGY
651 _aUnited Kingdom 1973
690 _96264
_aRefurbishment
690 _96222
_aBuilding control
856 _uhttps://issuu.com/ricsmodus/docs/property_journal_july-aug_2019/34